Dự báo dịch hại rầy nâu trên lúa

Đã lưu trong:
書目詳細資料
主要作者: Vũ, Duy Linh
格式: 圖書
語言:Undetermined
出版: Cần Thơ Đại học Cần Thơ 2009
主題:
標簽: 添加標簽
沒有標簽, 成為第一個標記此記錄!
Thư viện lưu trữ: Trung tâm Học liệu Trường Đại học Cần Thơ
LEADER 00788nam a2200217Ia 4500
001 CTU_154445
008 210402s9999 xx 000 0 und d
082 |a 632.0113 
082 |b L312 
088 |a 60480104 
100 |a Vũ, Duy Linh 
245 0 |a Dự báo dịch hại rầy nâu trên lúa 
245 0 |c Vũ Duy Linh ; Huỳnh Xuân Hiệp, Lê Quyết Thắng hướng dẫn 
260 |a Cần Thơ 
260 |b Đại học Cần Thơ 
260 |c 2009 
650 |a Rice,Computer simulation,Mô phỏng máy tính,Lúa 
650 |x Diseases and pests,Bệnh và vật phá hoại 
650 |z Vietnam,Vietnam,Việt Nam,Việt Nam 
904 |i Trọng Hỉếu 
980 |a Trung tâm Học liệu Trường Đại học Cần Thơ